Catálogo

Vector basic training : (Registro nro. 33661)

Detalles MARC
000 -LEADER
fixed length control field 01666cam a2200337 i 4500
001 - CONTROL NUMBER
control field 33661
003 - CONTROL NUMBER IDENTIFIER
control field Mx-PuUPA
005 - DATE AND TIME OF LATEST TRANSACTION
control field 20250905122319.0
008 - FIXED-LENGTH DATA ELEMENTS--GENERAL INFORMATION
fixed length control field 140415s2016 caua fr 000 0 eng d
020 ## - INTERNATIONAL STANDARD BOOK NUMBER
International Standard Book Number 9780134176734
020 ## - INTERNATIONAL STANDARD BOOK NUMBER
International Standard Book Number 0134176731
040 ## - CATALOGING SOURCE
Original cataloging agency MX-PuUPA
Language of cataloging spa
Description conventions rda
Transcribing agency Mx-PuUPA
Modifying agency Mx-PuUPA
041 0# - LANGUAGE CODE
Language code of text/sound track or separate title eng
100 1# - MAIN ENTRY--PERSONAL NAME
Personal name Glitschka, Von,
Relator term autor
9 (RLIN) 7277
245 10 - TITLE STATEMENT
Title Vector basic training :
Remainder of title a systematic creative process for building precision vector artwork /
Statement of responsibility, etc. develope & written by illustrative designer Von Glitschka
250 ## - EDITION STATEMENT
Edition statement Second edition
264 #1 - PRODUCTION, PUBLICATION, DISTRIBUTION, MANUFACTURE, AND COPYRIGHT NOTICE
Place of production, publication, distribution, manufacture Berkeley, CA :
Name of producer, publisher, distributor, manufacturer New Riders,
Date of production, publication, distribution, manufacture, or copyright notice ©2016
300 ## - PHYSICAL DESCRIPTION
Extent xv, 256 páginas :
Other physical details ilustraciones ;
Dimensions 24 cm
336 ## - CONTENT TYPE
Content type term texto
Fuente rdacontent
Content type code txt
337 ## - MEDIA TYPE
Media type term sin medio
Source rdamedia
Media type code n
338 ## - CARRIER TYPE
Carrier type term volumen
Source rdacarrier
Carrier type code nc
501 ## - WITH NOTE
With note Incluye: código de acceso monousuario que permite desbloquear las funciones digitales del libro, incluidos todos los archivos de vídeo y recursos. Descargue mas de siete horas de vídeo HD y mire al autor en el trabajo mientras lo guía a través de las técnicas explicadas en el libro y descargue los archivos de recursos para que trabaje por su cuenta. Solicitar en el Área de Procesos Técnicos.
650 #7 - SUBJECT ADDED ENTRY--TOPICAL TERM
Source of heading or term armarc
Topical term or geographic name entry element Adobe ilustrator (archivo de computadora)
650 #7 - SUBJECT ADDED ENTRY--TOPICAL TERM
Source of heading or term armarc
Topical term or geographic name entry element Gráficos por computadora
General subdivision Técnica
650 #7 - SUBJECT ADDED ENTRY--TOPICAL TERM
Source of heading or term armarc
Topical term or geographic name entry element Dibujo por computadora
General subdivision Técnica
942 ## - ADDED ENTRY ELEMENTS (KOHA)
Source of classification or shelving scheme Dewey Decimal Classification
Koha item type Libro
Classification part 006.6
Item part G55
Existencias
Withdrawn status Lost status Source of classification or shelving scheme Damaged status Not for loan Collection code Home library Current library Shelving location Date acquired Source of acquisition Total Checkouts Full call number Barcode Date last seen Price effective from Koha item type Cost, normal purchase price Copy number Cost, replacement price
    Dewey Decimal Classification     General Biblioteca Karol Wojtyla Biblioteca Karol Wojtyla Sala general 16/05/2018 Compra   006.6 G55 2016 99135 05/01/2026 16/05/2018 Libro      
    Dewey Decimal Classification     General Biblioteca Karol Wojtyla Biblioteca Karol Wojtyla Sala general 06/08/2024 2   006.6 G55 2016 99700 05/01/2026 06/08/2024 Libro 1037.29 Ej.2 1037.29